KFZ-Kennzeichen Bayern ALLE - Statistiken

Allgemein
  • Dieses Quiz wurde 1.842 mal gespielt
    1.740 seit der letzten Aktualisierung
  • Das Durchschnittsergebnis liegt bei 69 aus 150
Antwortstatistiken
Abkürzung Stadt oder Landkreis % Korrekt
A Augsburg
96%
M | MUC München
90%
N Nürnberg
87%
REG Regen
84%
R Regensburg
83%
CO Coburg
80%
DEG Deggendorf
80%
BA Bamberg
78%
Fürth
78%
DAH Dachau
77%
FÜS Füssen
77%
IN Ingolstadt
77%
Würzburg
77%
AN Ansbach
76%
AM Amberg
75%
PA Passau
74%
Altötting
73%
AB Aschaffenburg
73%
TÖL Bad Tölz
73%
ER Erlangen
73%
BT Bayreuth
72%
CHA Cham
72%
FFB Fürstenfeldbruck
72%
LA Landshut
72%
DGF Dingolfing
69%
KE Kempten (Allgäu)
69%
GAP Garmisch-Partenkirchen
68%
ED Erding
66%
FS Freising
66%
MM Memmingen
66%
PAF Pfaffenhofen an der Ilm
66%
AIC Aichach
65%
RO Rosenheim
65%
BGD Berchtesgaden
64%
HO Hof
64%
LAU Lauf an der Pegnitz
64%
STA Starnberg
64%
LL Landsberg am Lech
63%
FO Forchheim
62%
RH Roth
62%
AIB Bad Aibling
61%
OA Landkreis Oberallgäu
61%
EI Eichstätt
60%
GZ Günzburg
60%
DON Donauwörth
58%
EBE Ebersberg
57%
OAL Landkreis Ostallgäu
56%
SW Schweinfurt
56%
SR Straubing
56%
BGL Berchtesgadener Land
55%
KEH Kelheim
55%
KU Kulmbach
55%
LAN Landau an der Isar
55%
WUN Wunsiedel
55%
TS Traunstein
54%
LI Lindau (Bodensee)
53%
PEG Pegnitz
53%
TIR Tirschenreuth
53%
BOG Bogen
52%
NM Neumarkt in der Oberpfalz
51%
NEA Neustadt an der Aisch
51%
NU Neu-Ulm
51%
DLG Dillingen an der Donau
50%
GUN Gunzenhausen
49%
ILL Illertissen
49%
KF Kaufbeuren
49%
FRG Freyung
47%
MSP Landkreis Main-Spessart
47%
MB Miesbach
47%
Nördlingen
47%
NEW Neustadt an der Waldnaab
46%
ALZ Alzenau
45%
HAS Haßfurt
45%
KT Kitzingen
45%
MIL Miltenberg
45%
KC Kronach
44%
ROT Rothenburg ob der Tauber
44%
LIF Lichtenfels
43%
ERH Landkreis Erlangen-Höchstadt
42%
Mühldorf am Inn
42%
SAD Schwandorf
42%
KG Bad Kissingen
41%
FDB Friedberg
41%
AS Landkreis Amberg-Sulzbach
41%
HIP Hilpoltstein
40%
SC Schwabach
39%
WEN Weiden in der Oberpfalz
39%
SUL Sulzbach-Rosenberg
37%
GRA Grafenau
36%
NAB Nabburg
36%
WM Weilheim in Oberbayern
36%
FEU Feuchtwangen
35%
WUG Weißenburg in Bayern
35%
HÖS Höchstadt an der Aisch
34%
DKB Dinkelsbühl
33%
EG Eggenfelden
33%
LF Laufen
32%
OCH Ochsenfurt
32%
SEL Selb
32%
VIB Vilsbiburg
32%
KRU Krumbach (Schwaben)
31%
PAN Pfarrkirchen
31%
REH Rehau
31%
NES Bad Neustadt an der Saale
30%
MÜB Münchberg
30%
NAI Naila
30%
ND Neuburg an der Donau
30%
UFF Uffenheim
30%
WOR Wolfratshausen
30%
MN Mindelheim
29%
KÖZ Bad Kötzting
28%
MAI Mainburg
28%
PAR Parsberg
28%
EBN Ebern
27%
BUL Burglengenfeld
26%
KEM Kemnath
26%
ROD Roding
26%
SMÜ Schwabmünchen
26%
WS Wasserburg am Inn
26%
EBS Ebermannstadt
25%
MAK Marktredwitz
25%
OVI Oberviechtach
25%
REI Bad Reichenhall
24%
ESB Eschenbach in der Oberpfalz
23%
NEC Neustadt bei Coburg
23%
VIT Viechtach
23%
SOB Schrobenhausen
22%
VOH Vohenstrauß
22%
HEB Hersbruck
21%
BRK Bad Brückenau
20%
GEO Gerolzhofen
20%
WÜM Waldmünchen
20%
SOG Schongau
19%
GRI Bad Griesbach im Rottal
18%
MOD Marktoberdorf
18%
RID Riedenburg
18%
KÖN Bad Königshofen im Grabfeld
17%
STE Bad Staffelstein
17%
HAB Hammelburg
16%
OBB Obernburg am Main
16%
HOH Hofheim in Unterfranken
14%
NEN Neunburg vorm Wald
14%
MAL Mallersdorf-Pfaffenberg
13%
ROL Rottenburg an der Laaber
13%
WOS Landkreis Wolfstein
11%
SEF Scheinfeld
11%
SAN Stadtsteinach
11%
WER Wertingen
11%
MET Mellrichstadt
10%
Keine übereinstimmenden Quizze gefunden
Verteilung der Resultate
Anzahl Personen mit jedem Resultat
Perzentil nach korrekt beantworteten Fragen
Ihre Resultats-Entwicklung
Sie haben dieses Quiz seit der letzten Aktualisierung nicht gespielt